Państwa Europy po fladze ich jednostek administracyjnych - Statystyki

Ogólne statystyki
  • Ten quiz został rozwiązany 5 razy
  • Średni wynik to 17 z 40
Statystyki odpowiedzi
Obrazkowy Odpowiedź % Poprawnych
Dania
100%
Hiszpania
75%
Litwa
75%
San Marino
75%
Wielka Brytania
75%
Albania
50%
Andora
50%
Austria
50%
Belgia
50%
Białoruś
50%
Bośnia i Hercegowina
50%
Czechy
50%
Estonia
50%
Holandia
50%
Łotwa
50%
Malta
50%
Portugalia
50%
Rosja
50%
Serbia
50%
Słowenia
50%
Szwecja
50%
Ukraina
50%
Włochy
50%
Chorwacja
25%
Czarnogóra
25%
Finlandia
25%
Francja
25%
Islandia
25%
Lichtenstein
25%
Luksemburg
25%
Macedonia Północna
25%
Mołdawia
25%
Monako
25%
Niemcy
25%
Norwegia
25%
Polska
25%
Rumunia
25%
Słowacja
25%
Szwajcaria
25%
Węgry
25%
Nie znaleziono quizów pasujących do podanych kryteriów
Rozkład punktacji
Procent ludzi z każdym wynikiem
Percentyl według liczby udzielonych odpowiedzi
Twoja historia wyników
Nie rozwiązałeś tego quizu